000 00444nam a2200121Ia 4500
008 220615s9999||||xx |||||||||||||| ||und||
100 _aMire, Amina
245 0 _aWellness in Whiteness
_bBiomedicalization and the Promotion of Whiteness and Youth among Women
546 _aEnglish[eng]
650 _aSociology||Race||Gender
856 _uhttps://library.oapen.org/bitstream/20.500.12657/37499/1/16070e43f140411ca30fca516e5d8b65.pdf
942 _cEB
999 _c16728
_d16728